000 00389nam a2200157Ia 4500
003 LK-CoDNM
008 010623t1889 xxu||||| |||| 00| 1 eng d
040 _aLK-CoDNM
_dLK-CoDNM
_eLK-CoDNM
041 _aeng
080 _a24 B 23
100 _aMurray,C.A.
245 _aAdministration Reports : North Central Province ;Revenue
260 _b
_c1889
300 _b8p., 32 cm
942 _cBK
999 _c83007
_d83007